000
00273nam a2200121Ia 4500
008
190216s9999||||xx |||||||||||||| ||und||
100
_a
Kanna D R
245
0
_a
Oscillations And Waves
260
_b
Atmaram &sons
_c
1983
300
_a
422p
650
_a
Physics
942
_c
BK
999
_c
33228
_d
33228